Statistics for Lana Del Rey - Lucky Ones Lyrics

Click here to take the quiz!

General Stats

  • This quiz has been taken 26 times
  • The average score is 262 of 312

Answer Stats

Answer% Correct
fire
100%
on
100%
we
100%
we're
100%
a
94%
and
94%
are
94%
baby
94%
be
94%
down
94%
get
94%
lucky
94%
me
94%
no
94%
now
94%
of
94%
one
94%
out
94%
the
94%
this
94%
to
94%
You
94%
you
94%
Boy
88%
by
88%
can
88%
could
88%
Could
88%
going
88%
got
88%
I
88%
If
88%
if
88%
It
88%
it
88%
Let's
88%
like
88%
my
88%
ones?
88%
ones
88%
take
88%
time
88%
town
88%
bad
82%
desire
82%
Every
82%
feels
82%
Feels
82%
found
82%
higher
82%
Nobody
82%
our
82%
save
82%
seems
82%
so
82%
that
82%
then
82%
Then
82%
thought
82%
with
82%
all
76%
crazy
76%
Everyone
76%
Finally
76%
for
76%
friends
76%
great
76%
in
76%
lost
76%
meet
76%
never
76%
scared
76%
stars
76%
stick
76%
told
76%
was
76%
your
76%
blew
71%
blind
71%
design
71%
don't
71%
face
71%
first
71%
girl
71%
love
71%
mind
71%
Nobody's
71%
saw
71%
up
71%
we'll
71%
align
65%
along
65%
came
65%
car
65%
con
65%
Falling
65%
here
65%
into
65%
know
65%
leave
65%
liar
65%
you're
65%
You're
65%
but
59%
careless
59%
compare
59%
Everybody
59%
good
59%
lady
59%
scooped
59%
way
59%
act
53%
around
53%
hard
53%
nice
53%
taught
53%
tried
47%

Score Distribution

Percentile by Number Answered

Percent of People with Each Score

Your Score History

You have not taken this quiz